000 00777nam a2200253Ia 4500
003 OSt
005 20220918172147.0
006 a|||||r|||| 00| 0
007 ta
008 220917b |||||||| |||| 00| 0 eng d
020 _a9789383221110 (hbk)
_c3200
024 _a289,777
037 _b1109, 03/03/2016, Bright Book Service
_cTextual
040 _aARTS
_cARTS
_beng
041 _2eng
_aeng
082 _aY:1.2, Q6
100 _aTripathi Alok Ed.
_939409
245 0 _aBeing of man
_b Science culture and cosciousness
260 _aDelhi
_bSharda Publishing House India
_c2016
300 _axiii, 330p.
_ccm.
650 _aSOCIOLOGY
942 _hY:1.2, Q6
_cTEXL
_2CC
999 _c142868
_d142868